书目信息 |
| 题名: |
新视野大学英语读写教程课文辅导
|
|
| 作者: | 潘晓燕 主编 | |
| 分册: | 2 | |
| 出版信息: | 北京 世界图书出版公司 2002.08 |
|
| 页数: | 376页 | |
| 开本: | 20cm | |
| 丛书名: | ||
| 单 册: | ||
| 中图分类: | H31-42 | |
| 科图分类: | ||
| 主题词: | 英语 | |
| 电子资源: | ||
| ISBN: | 7-5062-5608-8 | |
| 000 | 00600nam0 2200193 450 | |
| 001 | 0630153999 | |
| 005 | 20061012082544.67 | |
| 010 | @a7-5062-5608-8@dCNY13.00 | |
| 100 | @a20061012d2002 km y0chiy0120 ea | |
| 101 | 0 | @achi |
| 102 | @aCN@b110000 | |
| 200 | 1 | @a新视野大学英语读写教程课文辅导@Axin shi ye da xue ying yu du xie jiao cheng ke wen fu dao@h2@f潘晓燕主编@Fpan xiao yan zhu bian |
| 210 | @a北京@c世界图书出版公司@d2002.08 | |
| 215 | @a376页@d20cm | |
| 606 | 0 | @a英语 |
| 690 | @aH31-42@v3 | |
| 701 | 0 | @a潘晓燕@Apan xiao yan@4主编 |
| 801 | 0 | @aCN@bPFT@c20061012 |
| 905 | @a10447@dH31-42@e698:2 | |
| 新视野大学英语读写教程课文辅导.2/潘晓燕主编.-北京:世界图书出版公司,2002.08 |
| 376页;20cm |
| ISBN 7-5062-5608-8:CNY13.00 |
| ● |
| 相关链接 |
|
|
|
|
正题名:新视野大学英语读写教程课文辅导
索取号:H31-42/698:2
 
预约/预借
| 序号 | 登录号 | 条形码 | 馆藏地/架位号 | 状态 | 备注 |
| 1 | 0498937 | 204989370 | 密集书库/ [索取号:H31-42/698:2] | 在馆 | |
| 2 | 0498938 | 204989389 | 密集书库/ [索取号:H31-42/698:2] | 在馆 | |
| 3 | 0498939 | 204989398 | 密集书库/ [索取号:H31-42/698:2] | 在馆 | |
| 4 | 0498940 | 204989405 | 密集书库/ [索取号:H31-42/698:2] | 在馆 |